Sanat - "Mä annan sut pois" - Laura Närhi - Statistics

Yleistilastot
  • Tätä visaa on pelattu 19 kertaa
  • Keskiarvotulos 101 / 135
Vastaustilastot
Vastaus % Oikein
annan
100%
100%
100%
päästän
100%
pois
100%
100%
sut
100%
ei
93%
sattuu
93%
vaikka
93%
mut
86%
oo
86%
annat
79%
antaa
79%
enää
79%
hiljaa
79%
muutakaan
79%
päästät
79%
hymyillään
71%
luovutaan
71%
toisistamme
71%
vaan
71%
kaikkeen
64%
tottuu
64%
vain
57%
yksi
57%
kaiken
50%
kaksi
50%
korjaan
50%
Liikaa
50%
liikaa
50%
lupasin
50%
luulin
50%
meistä
50%
aina
43%
hiljempaa
43%
käsistäni
43%
kerrallaan
43%
lamput
43%
ote
43%
Sammuu
43%
sammuu
43%
talossamme
43%
unissaan
43%
uudestaan
43%
yhä
43%
äänet
36%
autioituneita
36%
huomaamatta
36%
huoneet
36%
kokoajan
36%
laitamilla
36%
nuokkuu
36%
onnellisia
36%
ovat
36%
sun
36%
uupunutta
36%
vaihtuu
36%
kuuluu
29%
liukuu
29%
sängyn
29%
viikot
29%
Ehtoja vastaavia visoja ei löytynyt
Tulosjakauma
Jokaisen tuloksen saaneiden osuus
Persentiili vastausten määrän mukaan
Tuloshistoriasi
Et ole pelannut tätä visaa